A-Z Famous People - Missouri - Statistics

General Stats
  • This quiz has been taken 85 times
  • The average score is 7 of 26
Answer Stats
Picture Hint Answer % Correct
T - Writer & Humorist Mark Twain
79%
G - Actor John Goodman
70%
B - Singer & Guitarist Chuck Berry
68%
C - Actor Don Cheadle
63%
A - Memoirist & Poet Maya Angelou
58%
V - Actor & Comedian Dick Van Dyke
55%
F - Actress Jenna Fischer
38%
L - TV Host Rush Limbaugh
38%
Q - Actor (Name character he plays or Actor) Quicksilver / Evan Peters
29%
S - Singer-Songwriter SZA
28%
X - Comedian & Actor (Surname ending in 'X') Redd Foxx
26%
J - Wrestler & Mayor Glenn Jacobs / Kane
24%
R - Actress & Dancer Ginger Rogers
20%
K - Actress & Comedian Ellie Kemper
17%
M - Singer & Actress Taylor Momsen
16%
H - Actress Jean Harlow
14%
P - Army Officer John J. Pershing
14%
Y - Outlaws Bob Younger / Jim Younger / Cole Younger / Henrietta Younger
12%
D - Entrepreneur Jack Dorsey
9%
E - Poet & Essayist T. S. Eliot
9%
W - Mixed Martial Artist Tyron Woodley
8%
U - Rock Band The Urge
5%
O - Actor Timothy Omundson
5%
I - Auto Racing Crew Chief James Ince
4%
N - Rapper Tech N9ne
4%
Z - Golfer Larry Ziegler
3%
No matching quizzes found
Score Distribution
Percent of People with Each Score
Percentile by Number Answered
Your Score History
You have not taken this quiz